|
|
|
|
| LEADER |
00000nas a2200000 a 4500 |
| 001 |
ssj0037108 |
| 003 |
WaSeSS |
| 005 |
20200512172242.0 |
| 006 |
m d |
| 007 |
cr n |
| 008 |
040617c20039999txufr p sg s0 0eng c |
| 010 |
|
|
|a 2007266152
|
| 016 |
7 |
|
|a 2249832-1
|2 DE-600
|
| 022 |
|
|
|y 1930-2045
|
| 035 |
|
|
|a (WaSeSS)ssj0037108
|
| 040 |
|
|
|a EBV
|b eng
|c EBV
|d EYM
|d UX1
|d DOS
|d HEBIS
|d OCLCA
|d OCLCQ
|d OCLCO
|d OCLCF
|d OCLCO
|d OCLCQ
|d DOS
|d OCLCO
|d OCLCA
|d VT2
|d WaSeSS
|
| 042 |
|
|
|a pcc
|
| 043 |
|
|
|a n-us---
|a n-us-tx
|
| 050 |
|
4 |
|a K24
|b .E915
|
| 082 |
0 |
4 |
|a 323/.0973/05
|2 21
|
| 245 |
0 |
0 |
|a Texas journal on civil liberties & civil rights
|h [electronic resource].
|
| 246 |
1 |
|
|i Cited as:
|a Tex. J. on C.L. & C.R.
|
| 246 |
1 |
3 |
|a Texas journal on civil liberties and civil rights
|
| 260 |
|
|
|a [Austin, Tex.] :
|b [University of Texas School of Law],
|c [©2003]-
|
| 310 |
|
|
|a Semiannual
|
| 362 |
1 |
|
|a Began with vol. 8, no. 2 (fall 2003).
|
| 506 |
|
|
|a License restrictions may limit access.
|
| 538 |
|
|
|a Mode of access: World Wide Web.
|
| 550 |
|
|
|a "A journal publication of the University of Texas School of Law and the Individual Rights and Responsibilities Section of the State Bar of Texas."
|
| 588 |
|
|
|a Description based on first issue; title from table of contents page (Hein Online, viewed Dec. 28, 2007).
|
| 588 |
|
|
|a Latest issue consulted: Vol. 11, no. 2 (spring 2006) (Hein Online, viewed Dec. 28, 2007).
|
| 650 |
|
0 |
|a Civil rights
|z United States
|v Periodicals.
|
| 650 |
|
0 |
|a Civil rights
|z Texas
|v Periodicals.
|
| 650 |
|
7 |
|a Civil rights.
|2 fast
|0 (OCoLC)fst00862627
|
| 651 |
|
7 |
|a Texas.
|2 fast
|0 (OCoLC)fst01210336
|
| 651 |
|
7 |
|a United States.
|2 fast
|0 (OCoLC)fst01204155
|
| 655 |
|
0 |
|a Electronic journals.
|
| 710 |
2 |
|
|a University of Texas at Austin.
|b School of Law.
|
| 710 |
2 |
|
|a State Bar of Texas.
|b Individual Rights and Responsibilities Section.
|
| 776 |
0 |
8 |
|i Print version:
|t Texas journal on civil liberties & civil rights
|x 1930-2045
|w (DLC) 2004234500
|w (OCoLC)53817366
|
| 780 |
0 |
0 |
|t Texas forum on civil liberties & civil rights (Online)
|w (DLC) 2007266151
|w (OCoLC)60622312
|
| 856 |
4 |
0 |
|z Full text available from Research Library: Fall 2003 to present
|u https://search.proquest.com/publication/29246
|